Tintin - Personnages du Trésor de Rackham le Rouge - Mort subite - Statistiques

Statistiques générales
  • Ce quiz a été pris 174 fois
  • Le résultat moyen est 5 sur 10
Answers on the Grid
Answers color-coded by a green-red scale on the quiz's grid according to % correct below.
Le capitaine Archibald Haddock
Dupond et Dupont
Le professeur Tryphon Tournesol
Bianca Castafiore
Roberto Rastapopoulos
Le général Alcazar
Nestor
Séraphin Lampion
Les frères Maxime et Gustave Loiseau
Ivan Ivanovitch Sakharine
Aristide Filoselle
Le chevalier François de Hadoque
Mme Pinson
Le capitaine Chester
Saint Jean
Jules Rouget
Le commandant Le Goffic
Van Damme
Le lieutenant Delcourt
Rackham
 
Statistiques - réponses
Réponse % Correct
Dupond et Dupont
97%
Le capitaine Archibald Haddock
97%
Le professeur Tryphon Tournesol
97%
Rackham
53%
Nestor
47%
Le chevalier François de Hadoque
44%
Saint Jean
31%
Van Damme
31%
Ivan Ivanovitch Sakharine
22%
Jules Rouget
22%
Aucun quiz correspondant
Distribution des résultats
% des personnes avec chaque résultat
Percentile par nombre de réponses
Votre historique - résultats
Vous n’avez pas pris ce quiz